| 000 | 00420nam a22001697a 4500 | ||
|---|---|---|---|
| 999 |
_c10994 _d10994 |
||
| 003 | OSt | ||
| 008 | 210814b ||||| |||| 00| 0 eng d | ||
| 020 | _a9781449333898 | ||
| 082 |
_a324.54 _bPLE |
||
| 100 | G | _aPLATT, Charles | |
| 245 | _aEncyclopedia of Electronic Components: Vol-1 | ||
| 250 | _aRev 11th Ed | ||
| 260 |
_aNew Delhi _bMaker Media _c2019 |
||
| 300 | _a272 | ||
| 650 | _aEncyclopedia | ||
| 942 |
_2ddc _cBK |
||